000 01763nam1a22003611i 4500
001 v19\rc\1545846
005 20260408000124.0
035 _a(NLR Aleph) 004662530
090 _a3569742
_c3569742
100 _a20060620d1883 k||y0rusy50 ca
101 0 _arus
102 _aRU
105 _ay z |||||
200 1 _aТиф (сыпной, брюшной и возвратный) и лечение его гомеопатическими средствами
_eобщепонятное изложение сущности, причин и способов лечения этой болезни
_fС.-Петерб. о-во последователей гомеопатии
210 _aС.-Петербург
_cС.-Петербургское общество последователей гомеопатии
_d1883
215 _d17
532 1 3 _aТиф сыпной, брюшной и возвратный и лечение его гомеопатическими средствами
606 1 _aСыпной тиф повторный
_91910381
_3RU\NLR\AUTH\66870635
606 _aБрюшной тиф
_9945451
_3RU\NLR\AUTH\6631968
606 1 _aГомеопатия
_9928873
_3RU\NLR\AUTH\6623097
620 _aRU
_dСанкт-Петербург
686 0 _aР514.11
_2rubbk
686 0 _aР359.18
_2rubbk
712 0 2 _aПетербургское благотворительное общество последователей гомеопатии
_3RU\NLR\AUTH\8810163771
_9823559
801 0 _aRU
_bNLR
_gpsbo
801 0 _aRU
_bRuMoRGB
_2psbo
801 1 _aRU
_bProSoft-M
_2rusmarc
801 2 _aRU
_bNLR
_c20150130
_2rusmarc
852 _aNLR
_j18.202.2.468
899 _aRuMoRGB
_jT 30/640
899 _aRuMoRGB
_jT 71/469
899 _aБАН
942 _cBOOK